Hybridný prístup k modularizácii monolitickej aplikácie
Guardado en:
| Autor principal: | |
|---|---|
| Otros Autores: | |
| Formato: | Manuscrito Libro |
| Lenguaje: | eslovaco inglés |
| Publicado: |
2026
|
| Materias: | |
| Acceso en línea: | http://is.stuba.sk/zp/portal_zp.pl?podrobnosti=177256 |
| Etiquetas: |
Sin Etiquetas, Sea el primero en etiquetar este registro!
|
MARC
| LEADER | 00000ntm a22000003a 4500 | ||
|---|---|---|---|
| 001 | stuzp108435 | ||
| 003 | SK-STU | ||
| 005 | 20260207210355.2 | ||
| 007 | ta | ||
| 008 | 150427s2015----xo-----f-mn---000-0-slo-d | ||
| 040 | |a STU |b slo | ||
| 041 | 0 | |a eng | |
| 100 | 1 | |a Meredov, Nazar |u 070200 |4 aut |U FIIT Fakulta informatiky a informačných technológií |T FIIT Ústav informatiky, informačných systémov a softvérového inžinierstva |X 122092 |U I200 |Y 179 |7 122092 | |
| 242 | 0 | 1 | |a Hybridný prístup k modularizácii monolitickej aplikácie |y slo |
| 245 | 1 | 0 | |a Hybridný prístup k modularizácii monolitickej aplikácie |
| 260 | |c 2026 | ||
| 650 | 4 | |a Monolitická architektúra |2 slo | |
| 650 | 4 | |a Hybridná architektúra |2 slo | |
| 650 | 4 | |a Komparatívna analýza |2 slo | |
| 650 | 4 | |a Softvérová architektúra |2 slo | |
| 650 | 4 | |a Modularizácia systému |2 slo | |
| 650 | 4 | |a Distribuované systémy |2 slo | |
| 650 | 4 | |a Mikroslužby |2 slo | |
| 650 | 4 | |a Software Architecture |2 eng | |
| 650 | 4 | |a System Modularization |2 eng | |
| 650 | 4 | |a Microservices |2 eng | |
| 650 | 4 | |a Distributed Systems |2 eng | |
| 650 | 4 | |a Monolithic Architecture |2 eng | |
| 650 | 4 | |a Hybrid Architecture |2 eng | |
| 650 | 4 | |a Comparative Analysis |2 eng | |
| 700 | 1 | |a Bobák, Martin |u 070200 |k Z8 |4 ths |U FIIT Fakulta informatiky a informačných technológií |T FIIT Ústav informatiky, informačných systémov a softvérového inžinierstva |X 65408 |U I200 |Y 179 |7 65408 | |
| 856 | 4 | |u http://is.stuba.sk/zp/portal_zp.pl?podrobnosti=177256 | |